Statistiques concernant Villes les plus devinés sur jetpunk par pays

Cliquez ici pour prendre le quiz!

Statistiques générales

  • Ce quiz a été pris 107 fois
  • Le résultat moyen est 13 sur 15

Statistiques - réponses

Pays Ville % Correct
FranceParis
100%
ItalieRome
98%
FranceMarseille
98%
États unisNew York
97%
ChinePekin
97%
FranceLyon
96%
AllemagneBerlin
96%
Etats unisLos Angeles
93%
ItalieMilan
91%
ItalieNaples
87%
AllemagneMunich
83%
Etats unisChicago
70%
AllemagneHambourg
69%
ChineHong Kong
63%
ChineShangai
62%

Distribution des résultats

Percentile par nombre de réponses

% des personnes avec chaque résultat

Votre développement - résultats

Vous n’avez pas pris ce quiz